000 00354nam a2200145Ia 4500
008 230917s9999||||xx |||||||||||||| ||und||
040 _e149204
_aMAIN
041 _aEnglish
082 _a784.4 T543L
100 _aTiwari,Vinod
245 0 _aLokgiton ka tulnatmak adhyayan
260 _aAllahabad
_bSahitaywani
_c1987
300 _a313p. p.
942 _cBK
999 _c61902
_d61902